| 000 | 01152nam0a22002891 4500 | ||
|---|---|---|---|
| 001 | rc\623029 | ||
| 005 | 20260406043424.0 | ||
| 035 | _a(NLR Aleph) 005865844 | ||
| 090 |
_a5927198 _c5927198 |
||
| 100 | _a20031121d1986 |||y0rusy50 ca | ||
| 101 | 0 | _arus | |
| 102 | _aRU | ||
| 105 | _aa ||||||||| | ||
| 200 | 1 |
_aАлфавитно-цифровые дисплеи ЕС-7920 в диалоговых системах _fВ.И. Зверев, Ю.Л. Кетков, В.С. Максимов |
|
| 210 |
_aМ. _cНаука _d1986 |
||
| 215 |
_a236, [1] с. _cил. _d20 |
||
| 225 | 1 | _aБиблиотечка программиста | |
| 320 | _aБиблиогр.: с. 236-237 (16 назв.) | ||
| 700 | 1 |
_aЗверев _bВ. И. _gВладимир Иванович |
|
| 701 | 1 |
_7ca _8rus _aКетков _bЮ. Л. _f1935-2014 _gЮлий Лазаревич _9113479 _3RU\NLR\AUTH\773483 |
|
| 701 | 1 |
_7ca _8rus _aМаксимов _bВ. С. _cпрограммист _gВладимир Сергеевич _9262325 _3RU\NLR\AUTH\770262381 |
|
| 801 | 0 |
_aRU _bNLR _gpsbo |
|
| 801 | 1 |
_aRU _bELAR _2rusmarc |
|
| 852 |
_aNLR _j86-3/10805 |
||
| 942 | _cBOOK | ||
| 980 | _aNB | ||